| 000 | 00416nam a2200157Ia 4500 | ||
|---|---|---|---|
| 008 | 230718s9999 xx 000 0 und d | ||
| 041 | _aeng | ||
| 082 |
_a621.317 _bJAL |
||
| 100 |
_aJalnekar R.M. _9123034 |
||
| 245 | _aPower Electronics | ||
| 260 |
_c2000 _bTechnical Publications |
||
| 300 | _a911 | ||
| 365 |
_cRs. _b250.00 |
||
| 700 | _aJalnekar R.M. & Pasalkar N.B. | ||
| 906 |
_dB:130408-Nov-2003 _cETC _b37.5 |
||
| 999 |
_c306241 _d306241 |
||